000 01153nam0a22002891 4500
001 rc\4627337
005 20250611212116.0
021 _aRU
_b[58-3864]
035 _a(NLR Aleph) 008402955
090 _a9247685
_c9247685
100 _a20130416d1957 |||y0rusy50 ca
101 0 _arus
102 _aRU
105 _aabc z |||c|
200 1 _aАлексей Николаевич Савич. Математик, астроном, педагог. [1810-1883]
_e(Очерк жизни и науч.-пед. деятельности)
210 _aМосква
_cГеодезиздат
_d1957
215 _a77 с., 3 л. портр., карт.
_cил.
_d20
320 _aСписок трудов А.Н. Савича: с. 72-77
517 0 _aМатематик, астроном, педагог. [1810-1883]
700 1 _aСелиханович
_bВ.Г.
_gВалерия Георгиевна
702 1 _4570
_7ca
_8rus
_aСавич
_bА.Н.
_f1811-1883
_gАлексей Николаевич
_9165722
_3RU\NLR\AUTH\770165769
801 0 _aRU
_bNLR
_gpsbo
801 1 _aRU
_bELAR
_2rusmarc
852 _aNLR
_j58-4/1986
942 _cBOOK
980 _aNB